Geoguessr - Wersja "The Elder Scrolls" - Statystyki

Ogólne statystyki
  • Ten quiz został rozwiązany 3 razy
  • Średni wynik to 9 z 16
Statystyki odpowiedzi
Obrazkowy Odpowiedź % Poprawnych
Smoczymost, Skyrim
100%
Balmora, Morrowind
67%
Demencja, Drżące Wyspy
67%
Farma Loreiusa, Skyrim
67%
Kolorowe Pokoje, Płaszczyzna Meridii
67%
Labirynthian, Skyrim
67%
Lilmoth, Czarne Mokradła
67%
Tel Mithryn, Solstheim
67%
Wioska Bleakrock, Wyspa między Morrowind i Skyrim
67%
Bagnisko, Płaszczyzna Vaerminy
33%
Dagoth Ur, Morrowind
33%
Kozanset, Hammerfell
33%
Orsinum, Wysoka Skała
33%
Port Hunding, Hammerfell
33%
Skingrad, Cyrodiil
33%
Ustengrav, Skyrim
33%
Nie znaleziono quizów pasujących do podanych kryteriów
Rozkład punktacji
Procent ludzi z każdym wynikiem
Percentyl według liczby udzielonych odpowiedzi
Twoja historia wyników
Nie rozwiązałeś tego quizu